000 00686nam a2200241Ia 4500
003 OSt
005 20220926012123.0
006 a|||||r|||| 00| 0
007 ta
008 220923b |||||||| |||| 00| 0 eng d
020 _a0465020909
_c
_23.00
037 _b9069, 29/03/2001, SBD
_cGeneral Book
040 _aRTL
_cRTL
_beng
041 _2eng
_aeng
082 _aY.73.P, P1
100 _aEtzioni Amitai
245 0 _aNext
_b The road to the good society
260 _aNew York
_bBasic Books
_c2001
300 _axv,137p
_ccm.
650 _aSociology
942 _hY.73.P, P1
_cGB
_2CC
999 _c621753
_d621753